Piłkarski quiz transferowy 1! - Statystyki

Ogólne statystyki
  • Ten quiz został rozwiązany 309 razy
    212 od ostatniego zresetowania
  • Średni wynik to 9 z 20
Statystyki odpowiedzi
Piłkarz Poprzedni klub w którym grał % Poprawnych
Wojciech Szczęsny Arsenal
95%
Jadon Sancho Borussia Dortmund
76%
Raphael Varane Real Madryt
72%
Luka Modrić Tottenham
70%
Antonio Rudiger Roma
69%
Erling Haaland Salzburg
56%
Karol Linetty Sampdoria
55%
Hakan Calhanoglu Milan
54%
Jordi Alba Valencia
51%
Thomas Lemar Monaco
50%
Alex Sandro Porto
40%
Leander Dendoncker Anderlecht
39%
Dani Olmo Dinamo Zagrzeb
34%
Ivan Perisic Wolfsburg
27%
Granit Xhaka Borussia Monchengladbach
26%
Thilo Kehrer Schalke
25%
Francisco Trincão Braga
19%
Philipp Max Augsburg
17%
Ismaila Sarr Rennes
15%
Everton Soares Gremio
9%
Nie znaleziono quizów pasujących do podanych kryteriów
Rozkład punktacji
Procent ludzi z każdym wynikiem
Percentyl według liczby udzielonych odpowiedzi
Twoja historia wyników
Nie rozwiązałeś tego quizu od ostatniego zresetowania